| 000 | 00315nam a22001337a 4500 | ||
|---|---|---|---|
| 040 | _cNUST | ||
| 082 |
_a621.41 _bSWI |
||
| 100 |
_aSwinerd, Graham _984433 |
||
| 245 |
_aHow Spacecraft Fly / _cGraham Swinerd |
||
| 260 |
_aUnited States : _b Springer ; _c2008. |
||
| 300 | _a282p. | ||
| 521 | _bHB | ||
| 942 |
_2ddc _cBK |
||
| 999 |
_c606807 _d606807 |
||